The world of the shining prince : Court life in ancient Japan

Spremljeno u:
Bibliografski detalji
Glavni autor: Morris, Ivan
Format: Knjiga
Jezik:Undetermined
Izdano: London Oxford University Press 1964
Oznake: Dodaj oznaku
Bez oznaka, Budi prvi tko označuje ovaj zapis!
Thư viện lưu trữ: Trung tâm Học liệu Trường Đại học Cần Thơ
LEADER 00488nam a2200181Ia 4500
001 CTU_111922
008 210402s9999 xx 000 0 und d
082 |a 915.2 
082 |b M875 
100 |a Morris, Ivan 
245 4 |a The world of the shining prince : 
245 0 |b Court life in ancient Japan 
245 0 |c Ivan Morris 
260 |a London 
260 |b Oxford University Press 
260 |c 1964 
904 |i Hiếu 
980 |a Trung tâm Học liệu Trường Đại học Cần Thơ